[Event "DRUZYNOWE MISTRZOSTWA POLSKI - II LIGA 2018"]
[Site "Jastrzebia Gora"]
[Date "1899-12-30"]
[Round "5.55"]
[White "Borgula, Rafal"]
[Black "Garbowski, Jakub"]
[Result "1/2-1/2"]
[WhiteTitle "FM"]
[BlackTitle "k"]
[WhiteElo "2243"]
[BlackElo "2169"]

1. c4 Nf6 2. Nc3 d5 3. d4 g6 4. cxd5 Nxd5 5. e4 Nxc3 6. bxc3 Bg7 7. Nf3 c5 8. Bb5+
Nd7 9. O-O O-O 10. a4 Nf6 11. Re1 Bg4 12. h3 Bd7 13. Rb1 Bxb5 14. Rxb5 b6 15.
a5 Nd7 16. axb6 axb6 17. Qb3 Qc7 18. Bg5 Rfe8 19. Rb1 Qc6 20. Be3 e6 21. Nd2 Rec8
22. d5 exd5 23. exd5 Qf6 24. Nc4 Qxc3 25. Qxc3 Bxc3 26. Nxb6 Nxb6 27. Rxb6 Rd8
28. Bxc5 Rxd5 29. Be3 Rad8 30. Kf1 Bd4 31. Bxd4 Rxd4 32. Rb8 1/2-1/2

[Event "DRUZYNOWE MISTRZOSTWA POLSKI - II LIGA 2018"]
[Site "Jastrzebia Gora"]
[Date "1899-12-30"]
[Round "5.56"]
[White "Gumula, Daniel"]
[Black "Robak, Zbigniew"]
[Result "0-1"]
[WhiteTitle "FM"]
[BlackTitle "m"]
[WhiteElo "2218"]
[BlackElo "2216"]

1. e4 c5 2. Nf3 e6 3. g3 Nf6 4. d3 d5 5. e5 Nfd7 6. Qe2 Nc6 7. h4 g6 8. h5 Bg7
9. Bf4 h6 10. hxg6 fxg6 11. c3 Qb6 12. Na3 g5 13. Nxg5 Ndxe5 14. d4 cxd4 15. Nb5
d3 16. Qh5+ Ke7 17. O-O-O Qxb5 18. Nf3 Nc4 19. b3 Qa5 20. Rxd3 Qa3+ 21. Kd1 Nb2+
22. Ke2 Nxd3 23. Kxd3 b6 24. Nd4 Nxd4 25. cxd4 Ba6+ 0-1

[Event "DRUZYNOWE MISTRZOSTWA POLSKI - II LIGA 2018"]
[Site "Jastrzebia Gora"]
[Date "1899-12-30"]
[Round "5.57"]
[White "Konieczynski, Piotr"]
[Black "Kolosowski, Pawel"]
[Result "1/2-1/2"]
[WhiteTitle "I++"]
[BlackTitle "m"]
[WhiteElo "1884"]
[BlackElo "2208"]

1. d4 d5 2. Nf3 e6 3. c4 c6 4. cxd5 exd5 5. Nc3 f5 6. Bf4 Nf6 7. e3 Be7 8. Bd3
O-O 9. h3 Ne4 10. Qc2 a5 11. a3 b5 12. Ne5 Bb7 13. O-O Nd7 14. Nxd7 Qxd7 15. Nxe4
fxe4 16. Be2 b4 17. a4 Qe8 18. Rac1 Rc8 19. Bg4 Ra8 20. b3 h5 21. Be2 Ba6 22.
Bxa6 Rxa6 23. Qe2 Ra8 24. Rc2 g5 25. Be5 Qg6 26. Rfc1 Rfc8 27. Rf1 g4 28. hxg4
hxg4 29. g3 Qh5 30. Rfc1 Kf7 31. Qf1 Qg6 32. Qg2 Ke8 33. Kf1 Kd7 34. Ke2 Bf6 35.
Bf4 Ra6 36. Rh1 Rh8 37. Rxh8 Bxh8 38. Rc1 Ra8 39. Rh1 Bg7 40. Kd2 c5 41. Qf1 c4
42. bxc4 Qc6 43. Qe2 Ra7 44. Qxg4+ Ke8 45. Qh5+ Rf7 46. Qxd5 Qxa4 47. Qxe4+ Re7
48. Qg6+ Rf7 49. Qe4+ Re7 50. Qa8+ Kf7 51. Qd5+ Re6 52. Qf5+ Rf6 53. Qd5+ Re6
54. Qf5+ 1/2-1/2

[Event "DRUZYNOWE MISTRZOSTWA POLSKI - II LIGA 2018"]
[Site "Jastrzebia Gora"]
[Date "1899-12-30"]
[Round "5.58"]
[White "Stachanczyk, Jacek"]
[Black "Paliwoda, Borys"]
[Result "1/2-1/2"]
[WhiteTitle "IM"]
[BlackTitle "I"]
[WhiteElo "2171"]
[BlackElo "1883"]

1. c4 c5 2. g3 Nc6 3. Bg2 g6 4. Nc3 Bg7 5. Nf3 e5 6. a3 a5 7. d3 Nge7 8. O-O d6
9. Ne1 O-O 10. Nc2 Be6 11. Ne3 f5 12. Ned5 Bf7 13. Rb1 Kh8 14. b4 axb4 15. axb4
Nxd5 16. Nxd5 Bxd5 17. Bxd5 Nxb4 18. Bxb7 Ra7 19. Bg2 Qc7 20. Bd2 Rb8 21. Bc3
Ra3 22. Bb2 Ra2 23. Qb3 Qa7 24. Ra1 Rb6 25. Bc3 h5 26. Rfb1 Rxa1 27. Rxa1 Ra6
28. Rxa6 Qxa6 29. h4 Kh7 30. Qb2 Qa2 31. Qxa2 Nxa2 32. Ba5 Nb4 33. Bd8 Bf8 34.
Bb7 Kg7 35. Kg2 1/2-1/2

[Event "DRUZYNOWE MISTRZOSTWA POLSKI - II LIGA 2018"]
[Site "Jastrzebia Gora"]
[Date "1899-12-30"]
[Round "5.59"]
[White "Katafiasz, Tomasz"]
[Black "Siedlinski, Piotr"]
[Result "1/2-1/2"]
[WhiteTitle "I+"]
[BlackTitle "k"]
[WhiteElo "1919"]
[BlackElo "2081"]

1. Nf3 d5 2. g3 Nf6 3. d4 c6 4. Bg2 Bf5 5. O-O h6 6. c4 e6 7. Nc3 Nbd7 8. Bf4 Be7
9. Qb3 Qb6 10. c5 Qxb3 11. axb3 O-O 12. b4 a6 13. h3 Ne4 14. Nxe4 Bxe4 15. Nd2
Bxg2 16. Kxg2 Bf6 17. Nb3 e5 18. dxe5 Bxe5 19. Na5 Bxf4 20. gxf4 Rab8 21. Rad1
Rfe8 22. e3 f5 23. Rd4 Re7 24. Rfd1 Nf6 25. R1d3 Rbe8 26. Ra3 Rc8 27. Rc3 Ne4
28. Ra3 Nf6 29. Rc3 Ne4 30. Ra3 Nf6 1/2-1/2

[Event "DRUZYNOWE MISTRZOSTWA POLSKI - II LIGA 2018"]
[Site "Jastrzebia Gora"]
[Date "1899-12-30"]
[Round "5.60"]
[White "Guzik, Jolanta"]
[Black "Weglarz, Joanna"]
[Result "1/2-1/2"]
[WhiteTitle "WFM"]
[BlackTitle "k"]
[WhiteElo "1992"]
[BlackElo "1942"]

1. d4 d5 2. c4 e6 3. Nc3 Be7 4. Nf3 Nf6 5. Qc2 O-O 6. Bg5 b6 7. e3 Bb7 8. Be2 Nbd7
9. O-O Rc8 10. Rfd1 c5 11. Rac1 cxd4 12. Nxd4 a6 13. cxd5 Nxd5 14. Bxe7 Qxe7 15.
Nxd5 exd5 16. Qf5 g6 17. Qf4 Ne5 18. h4 h5 19. g3 Rc5 20. Nb3 Rxc1 21. Rxc1 Rc8
22. Rxc8+ Bxc8 23. Qd4 Qe6 24. Qc3 Nc6 25. Bf3 Bb7 26. Nd4 Nxd4 27. Qxd4 Qc6 28.
Kg2 Qe6 29. a3 Qc6 30. Bd1 Qe6 1/2-1/2

[Event "DRUZYNOWE MISTRZOSTWA POLSKI - II LIGA 2018"]
[Site "Jastrzebia Gora"]
[Date "1899-12-30"]
[Round "5.62"]
[White "Kempinski, Tomasz"]
[Black "Helis, Tadeusz"]
[Result "1-0"]
[WhiteTitle "FM"]
[BlackTitle "FM"]
[WhiteElo "2152"]
[BlackElo "2182"]

1. e4 e5 2. Nf3 d6 3. d4 Nf6 4. dxe5 Nxe4 5. Bc4 c6 6. Nc3 Nxc3 7. bxc3 d5 8. Bd3
Be7 9. O-O Bg4 10. h3 Bh5 11. g4 Bg6 12. Nd4 Bxd3 13. Qxd3 O-O 14. Rb1 Nd7 15.
Qg3 Nc5 16. Nf5 Ne4 17. Qd3 Re8 18. f3 Nc5 19. Qd2 Bf8 20. Qh2 Qa5 21. Bd2 Qxa2
22. Bf4 Qc4 23. Qd2 a5 24. g5 Ne6 25. Bg3 b5 26. Kh1 g6 27. Ne3 Qc5 28. Ng4 Red8
29. Nf6+ Kh8 30. h4 Bg7 31. h5 Bxf6 32. gxf6 gxh5 33. f4 Rg8 34. Rg1 d4 35. f5
dxc3 36. Qf2 Qd5+ 37. Qg2 Qxg2+ 38. Rxg2 Nd4 39. Rf1 h4 40. Bxh4 Rxg2 41. Kxg2
Nxc2 42. Kf3 b4 43. e6 fxe6 44. Ke4 exf5+ 45. Rxf5 Re8+ 46. Kd3 Ne1+ 47. Bxe1
Rxe1 48. f7 Rd1+ 49. Kc2 Rd2+ 50. Kb3 Rd8 51. f8=Q+ Rxf8 52. Rxf8+ Kg7 53. Ra8
Kg6 54. Rxa5 h5 55. Kxb4 c2 56. Rc5 c1=Q 57. Rxc1 Kf5 58. Kc3 Kf4 59. Kd3 Kg3
60. Rh1 h4 61. Ke3 h3 62. Rg1+ Kh2 63. Kf2 c5 64. Rc1 c4 65. Rc3 1-0

[Event "DRUZYNOWE MISTRZOSTWA POLSKI - II LIGA 2018"]
[Site "Jastrzebia Gora"]
[Date "1899-12-30"]
[Round "5.63"]
[White "Walkusz, Witoslaw"]
[Black "Bartkowiak, Damian"]
[Result "1-0"]
[WhiteTitle "FM"]
[BlackTitle "k"]
[WhiteElo "2128"]
[BlackElo "2148"]

1. e4 c6 2. d4 d5 3. Nc3 dxe4 4. Nxe4 Bf5 5. Ng3 Bg6 6. Nf3 Nd7 7. Be2 e6 8. O-O
Ngf6 9. Bf4 Nd5 10. Bd2 Bd6 11. Re1 O-O 12. Bf1 c5 13. c4 Nb4 14. Bxb4 cxb4 15.
Bd3 Qa5 16. Bxg6 hxg6 17. Ne4 Be7 18. Qd2 Rfd8 19. Red1 b5 20. b3 bxc4 21. bxc4
Rac8 22. Qe2 Qa6 23. Rac1 Nb6 24. Ne5 Bf6 25. Nxf6+ gxf6 26. Nxg6 Rxc4 27. Qh5
Kg7 28. Ne5 Rd7 29. Rxc4 fxe5 30. Qxe5+ f6 31. Qg3+ Kf7 32. Rxb4 Qxa2 33. h4 Nd5
34. Rb8 Ne7 35. Qd3 e5 36. Qh7+ Ke6 37. Re8 Qe2 38. Qg8+ Kf5 39. Qh7+ Ke6 40.
d5+ Kd6 41. Qb1 Qc4 42. Rc1 Qa4 43. h5 Qf4 44. Qb8+ Kxd5 45. Rd1+ Ke6 46. Qb3+
Kd5 1-0

[Event "DRUZYNOWE MISTRZOSTWA POLSKI - II LIGA 2018"]
[Site "Jastrzebia Gora"]
[Date "1899-12-30"]
[Round "5.64"]
[White "Paszek, Krzysztof"]
[Black "Kubica, Kamil"]
[Result "1/2-1/2"]
[WhiteTitle "k"]
[BlackTitle "k"]
[WhiteElo "2128"]
[BlackElo "2153"]

1. e4 e6 2. d4 d5 3. Nc3 dxe4 4. Nxe4 Nd7 5. g3 Ngf6 6. Nxf6+ Nxf6 7. Bg2 c5 8.
Ne2 Be7 9. O-O O-O 10. c4 Qb6 11. dxc5 Bxc5 12. Nc3 Rd8 13. Qf3 Bd4 14. Nb5 e5
15. h3 e4 16. Qe2 Be6 17. Bg5 Rac8 18. Rac1 Bf5 19. Nxd4 Qxd4 20. Rfd1 Qe5 21.
b3 Re8 22. Be3 b6 23. Bd4 Qe6 24. Kh2 Nd7 25. Qb2 Qg6 26. Re1 Nc5 27. Bxc5 Rxc5
28. Qd4 Rce5 29. Re3 Qe6 30. Rce1 Bg6 31. Rd1 f5 32. f4 Rc5 33. Qd7 Qe7 34. Qxe7
Rxe7 35. Rd4 Bf7 36. g4 g6 37. Re1 Rec7 38. a4 a6 39. Bf1 Kf8 40. Red1 Ke7 41.
Kg3 Be6 42. Be2 Rd7 43. Kh4 h6 44. g5 Rxd4 45. Rxd4 h5 46. Kg3 Rc6 47. Kf2 Rd6
48. Ke3 a5 49. h4 Rxd4 50. Kxd4 Kd6 51. Bd1 1/2-1/2

[Event "DRUZYNOWE MISTRZOSTWA POLSKI - II LIGA 2018"]
[Site "Jastrzebia Gora"]
[Date "1899-12-30"]
[Round "5.65"]
[White "Rawski, Slawomir"]
[Black "Niemier, Hubert"]
[Result "1-0"]
[WhiteTitle "FM"]
[BlackTitle "I"]
[WhiteElo "2126"]
[BlackElo "1838"]

1. d4 d5 2. Nf3 Nf6 3. c4 c6 4. Nc3 dxc4 5. a4 Bf5 6. Ne5 Nbd7 7. Nxc4 Nb6 8. Ne5
e6 9. f3 Be7 10. e4 Bg6 11. a5 Nbd7 12. a6 Qc7 13. axb7 Qxb7 14. Ba6 Qc7 15. Nc4
O-O 16. O-O Nb6 17. Qe2 Bb4 18. Rd1 h6 19. Ne5 Bh7 20. Nd3 Bxc3 21. bxc3 Rad8
22. Bf4 Qe7 23. g4 g5 24. Bg3 h5 25. h3 Ne8 26. Nb4 Qd7 27. Qe3 f6 28. Nd3 h4
29. Nc5 Qe7 30. Bh2 Nd6 31. Bxd6 Qxd6 32. e5 Nd5 33. exd6 Nxe3 34. Rd2 Rxd6 35.
Re1 Nd5 36. Nb7 Rd7 37. Rxe6 Rc7 38. Na5 Nxc3 39. Rxc6 Rxc6 40. Nxc6 Kf7 41. d5
Ke8 42. Rb2 Rf7 43. Bc8 Rc7 44. Rb8 Kf7 45. Be6+ Kg7 46. d6 Rxc6 47. d7 Rd6 48.
d8=Q Rxd8 49. Rxd8 Ne2+ 50. Kh2 a5 51. Ra8 Bd3 52. Rxa5 Nf4 53. Ra7+ Kg6 54. Bd7
Kf7 55. Bf5+ Kf8 56. Bxd3 Nxd3 57. Kg1 Nf4 58. Kf2 Ng6 59. Ke3 Ne7 60. Ke4 Kf7
61. Rc7 Ke6 62. Ra7 Nc8 63. Ra6+ Nd6+ 64. Kd4 Ke7 65. Kd5 Nb5 66. Re6+ Kf7 67.
Rc6 Ke7 68. Rc5 Na3 69. Rc7+ Kd8 70. Rf7 Nb5 71. Rxf6 Ke7 72. Rf5 Nc3+ 73. Ke5
Ne2 74. Rxg5 Ng1 75. f4 Nxh3 76. Rh5 Ng1 77. f5 h3 78. f6+ Kf7 79. Kf5 Nf3 80.
Rh7+ 1-0

[Event "DRUZYNOWE MISTRZOSTWA POLSKI - II LIGA 2018"]
[Site "Jastrzebia Gora"]
[Date "1899-12-30"]
[Round "5.66"]
[White "Huchwajda, Katarzyna"]
[Black "Smarsz, Agata"]
[Result "0-1"]
[WhiteTitle "I++"]
[BlackTitle "m"]
[WhiteElo "1766"]
[BlackElo "2109"]

1. e4 c5 2. Nf3 d6 3. d4 cxd4 4. Nxd4 Nf6 5. Nc3 a6 6. f3 e5 7. Nb3 Be6 8. Bg5
Be7 9. Qd2 Nbd7 10. h4 b5 11. g4 Nb6 12. Qf2 b4 13. Ne2 Nc4 14. Rb1 a5 15. Ng3
g6 16. Bxc4 Bxc4 17. Rd1 Qc7 18. Qd2 Rd8 19. h5 d5 20. hxg6 fxg6 21. Qe3 d4 22.
Qc1 a4 23. Nd2 Be6 24. Bh6 Rc8 25. g5 Nd7 26. c4 bxc3 27. bxc3 dxc3 28. Ndf1 c2
29. Rd3 Rb8 30. Nd2 Bxa2 31. Kf2 Qc5+ 32. Kg2 Rb1 33. Ne2 Rxc1 34. Nxc1 Be6 35.
Bg7 Rg8 36. Rxh7 Bxg5 37. Bh6 Bxh6 38. Rxh6 a3 39. Rh1 a2 40. Ncb3 c1=Q 41. Nxc1
a1=Q 42. Ncb3 Qxh1+ 0-1

[Event "DRUZYNOWE MISTRZOSTWA POLSKI - II LIGA 2018"]
[Site "Jastrzebia Gora"]
[Date "1899-12-30"]
[Round "5.67"]
[White "Zielinski, Przemyslaw"]
[Black "Brzezinski, Mateusz"]
[Result "1/2-1/2"]
[WhiteTitle "m"]
[BlackTitle "k"]
[WhiteElo "2299"]
[BlackElo "2164"]

1. Nf3 Nf6 2. c4 g6 3. b3 Bg7 4. Bb2 O-O 5. Nc3 c6 6. e3 d6 7. d4 a6 8. Bd3 b5
9. h3 Nbd7 10. g4 Nb6 11. e4 Nfd7 12. Qd2 e5 13. Ne2 Qe7 14. Qe3 bxc4 15. Bc2
c5 16. d5 a5 17. Nd2 Ba6 18. Bc3 Bb5 19. a4 cxb3 20. Bxb3 Ba6 21. Bxa5 Bxe2 22.
Bxb6 Bb5 23. Bc7 Nf6 24. Qc3 Bh6 25. f3 Ba6 26. Ba5 Nd7 27. h4 Bf4 28. Kd1 Rfb8
29. Bc2 Qf8 30. Rb1 Rxb1+ 31. Bxb1 Qb8 32. Qc2 Nb6 33. Ba2 Nxa4 34. Qxa4 Bb5 35.
Qa3 Qa7 36. Bc4 Bxd2 37. Bxb5 Qxa5 38. Qxa5 Rxa5 39. Kxd2 Rxb5 40. Kc3 Ra5 41.
Kc4 Kf8 42. Rb1 Ra3 43. Kb5 Ke7 44. Kc6 Ra6+ 45. Kb7 Ra4 46. Kc6 Ra6+ 1/2-1/2

[Event "DRUZYNOWE MISTRZOSTWA POLSKI - II LIGA 2018"]
[Site "Jastrzebia Gora"]
[Date "1899-12-30"]
[Round "5.68"]
[White "Kujawski, Adam"]
[Black "Bednarczyk, Damian"]
[Result "0-1"]
[WhiteTitle "k"]
[BlackTitle "k"]
[WhiteElo "2209"]
[BlackElo "2215"]

1. e4 c5 2. Nf3 d6 3. d4 cxd4 4. Nxd4 Nf6 5. Nc3 g6 6. Be3 Bg7 7. f3 O-O 8. Qd2
Nc6 9. O-O-O d5 10. exd5 Nxd5 11. Nxc6 bxc6 12. Bd4 e5 13. Bc5 Be6 14. Ne4 Re8
15. h4 h6 16. c4 Qc7 17. h5 Red8 18. hxg6 fxg6 19. Nd6 Rxd6 20. Bxd6 Qxd6 21.
cxd5 cxd5 22. Kb1 Rb8 23. Bc4 e4 24. Bb3 exf3 25. gxf3 Rxb3 0-1

[Event "DRUZYNOWE MISTRZOSTWA POLSKI - II LIGA 2018"]
[Site "Jastrzebia Gora"]
[Date "1899-12-30"]
[Round "5.69"]
[White "Lapczynski, Artur"]
[Black "Mazalon, Mariusz"]
[Result "1/2-1/2"]
[WhiteTitle "I"]
[BlackTitle "k"]
[WhiteElo "2050"]
[BlackElo "2012"]

1. e4 c5 2. Nf3 g6 3. d4 Bg7 4. d5 d6 5. Bb5+ Nd7 6. a4 Ngf6 7. Nc3 O-O 8. O-O
a6 9. Be2 b6 10. Re1 Rb8 11. Bf4 Ne8 12. Qd2 Ne5 13. Bh6 f6 14. Bxg7 Kxg7 15.
Nh4 Nc7 16. f4 Nf7 17. Nf3 Bg4 18. b3 Bxf3 19. Bxf3 b5 20. h4 b4 21. Nd1 c4 22.
bxc4 a5 23. c5 dxc5 24. e5 c4 25. c3 Na6 26. Qd4 fxe5 27. Rxe5 Nxe5 28. Qxe5+
Rf6 29. Ne3 Qd6 30. Nxc4 Qxe5 31. fxe5 Rf4 32. Nxa5 b3 33. c4 Nc5 34. Rb1 Nxa4
35. d6 exd6 36. exd6 Nc5 37. Bc6 Rxh4 38. Nxb3 Rxc4 39. d7 Nxd7 40. Bxd7 Rcb4
41. Be6 R8b6 42. Bd5 R6b5 43. Be6 Re5 44. Bg4 Ree4 45. Bd1 1/2-1/2

[Event "DRUZYNOWE MISTRZOSTWA POLSKI - II LIGA 2018"]
[Site "Jastrzebia Gora"]
[Date "1899-12-30"]
[Round "5.70"]
[White "Gralka, Przemyslaw"]
[Black "Mirski, Michal"]
[Result "1-0"]
[WhiteTitle "k"]
[BlackTitle "I"]
[WhiteElo "2208"]
[BlackElo "1988"]

1. d4 f5 2. Nf3 Nf6 3. Bg5 e6 4. e3 d5 5. Nbd2 Bd6 6. c4 c6 7. Bd3 O-O 8. O-O Qe8
9. Bf4 Be7 10. h3 Qh5 11. Be2 Ne4 12. Ne5 Qe8 13. Bd3 Nd7 14. f3 Nxd2 15. Qxd2
Bf6 16. Rae1 Nxe5 17. dxe5 Be7 18. b4 b6 19. Rc1 Bb7 20. e4 dxe4 21. fxe4 Rd8
22. exf5 Bxb4 23. Qxb4 Rxd3 24. c5 Rxf5 25. cxb6 axb6 26. Qxb6 Ba8 27. a4 Qg6
28. Be3 Qe8 29. Bc5 h6 30. Qb1 g6 31. Qxd3 1-0

[Event "DRUZYNOWE MISTRZOSTWA POLSKI - II LIGA 2018"]
[Site "Jastrzebia Gora"]
[Date "1899-12-30"]
[Round "5.72"]
[White "Mackiewicz, Anna"]
[Black "Siwek, Kinga"]
[Result "1/2-1/2"]
[WhiteTitle "k+"]
[BlackTitle "I+"]
[WhiteElo "1850"]
[BlackElo "1855"]

1. b3 b6 2. Bb2 Bb7 3. e3 e6 4. Nf3 Nf6 5. Be2 Be7 6. O-O O-O 7. d4 d5 8. Nbd2
Nbd7 9. c4 Rc8 10. Rc1 Ne4 11. cxd5 exd5 12. Nxe4 dxe4 13. Nd2 Kh8 14. Bb5 Nf6
15. Qe2 c6 16. Ba6 Bxa6 17. Qxa6 Bd6 18. g3 Qd7 19. Kg2 Rfe8 20. Nc4 Bb8 21. h3
Nd5 22. Ne5 Bxe5 23. dxe5 Nb4 24. Qc4 Nd3 25. Rcd1 Qf5 26. Rxd3 exd3 27. Rd1 Red8
28. Qc3 c5 29. Qc4 Qd7 30. f3 b5 31. Qc3 c4 32. b4 d2 33. e6 fxe6 34. Qe5 Rg8
35. Bc3 Rcd8 36. Bd4 c3 37. Bxc3 Qd3 1/2-1/2

[Event "DRUZYNOWE MISTRZOSTWA POLSKI - II LIGA 2018"]
[Site "Jastrzebia Gora"]
[Date "1899-12-30"]
[Round "5.73"]
[White "Kozak, Antoni"]
[Black "Grela, Kacper"]
[Result "0-1"]
[WhiteTitle "k"]
[BlackTitle "FM"]
[WhiteElo "2231"]
[BlackElo "2284"]

1. d4 Nf6 2. Bf4 b6 3. e3 Bb7 4. h3 g6 5. Nf3 Bg7 6. Be2 d6 7. O-O O-O 8. Bh2 Nbd7
9. Re1 c5 10. c3 Rc8 11. Nbd2 Re8 12. Bf1 Ne4 13. a4 Nxd2 14. Nxd2 a6 15. Rc1
d5 16. Nf3 c4 17. b3 b5 18. axb5 axb5 19. bxc4 bxc4 20. Ne5 f6 21. Rb1 Nb6 22.
Nd7 Qxd7 23. Rxb6 e5 24. e4 exd4 25. Qxd4 Qf7 26. Reb1 Ba8 27. exd5 f5 28. Qd2
Qxd5 29. Qb2 Qe4 30. Qa3 Bd5 31. Rb8 Rxb8 32. Rxb8 Rxb8 33. Bxb8 h5 34. Ba7 Kh7
35. f3 Qf4 36. Qe7 Qe5 37. Qd7 Qe6 38. Qc7 Qf7 39. Qxf7 Bxf7 40. Kf2 Bxc3 41.
Ke3 Kh6 42. h4 Be1 43. Bb8 Bxh4 44. Be5 Be1 45. Kd4 c3 46. Kd3 Kg5 47. Bxc3 Bxc3
48. Kxc3 Kf4 49. Kd2 Kg3 50. Ke3 f4+ 51. Ke4 h4 52. Bb5 Kxg2 53. Kxf4 Bd5 54.
Bd7 Bxf3 55. Kg5 Kg3 0-1

[Event "DRUZYNOWE MISTRZOSTWA POLSKI - II LIGA 2018"]
[Site "Jastrzebia Gora"]
[Date "1899-12-30"]
[Round "5.74"]
[White "Komendecki, Jacek"]
[Black "Sendera, Jaroslaw"]
[Result "0-1"]
[WhiteTitle "k"]
[BlackTitle "FM"]
[WhiteElo "2116"]
[BlackElo "2269"]

1. e4 c5 2. Nf3 d6 3. d4 cxd4 4. Nxd4 Nf6 5. Nc3 Nc6 6. Bg5 e6 7. Bb5 Bd7 8. Bxc6
bxc6 9. Qf3 e5 10. Nf5 Bxf5 11. Qxf5 Be7 12. O-O Qd7 13. Qf3 Qg4 14. Bxf6 Qxf3
15. gxf3 Bxf6 16. Rfd1 Ke7 17. Rd3 Rab8 18. Rad1 Rxb2 19. Rxd6 Rc8 20. Rd7+ Ke8
21. Rxa7 Rxc2 22. Na4 Rxa2 23. Nb6 Rxa7 24. Nxc8 Ra6 25. Nd6+ Kf8 26. Rb1 g6 27.
Rb8+ Ke7 28. Nc4 Ra4 29. Nb6 Ra2 30. Rc8 Bh4 31. Rxc6 Bxf2+ 32. Kh1 Bxb6 33. Rxb6
Rf2 34. Rb3 Kf6 35. Kg1 Ra2 36. h4 Kg7 37. Rb5 f6 38. Rb7+ Kh6 39. Rb6 Kh5 40.
Rxf6 Kxh4 41. f4 Kg3 42. fxe5 Re2 43. Kf1 Rxe4 44. e6 g5 45. Rh6 g4 46. Rxh7 Rxe6
47. Ra7 Rb6 48. Ra3+ Kh2 49. Ra2+ Kh3 50. Ra1 Kh2 51. Ra2+ Kh1 52. Ra4 Rf6+ 53.
Ke2 g3 54. Rh4+ Kg1 55. Rg4 g2 56. Rg7 Re6+ 57. Kd2 Rh6 0-1

[Event "DRUZYNOWE MISTRZOSTWA POLSKI - II LIGA 2018"]
[Site "Jastrzebia Gora"]
[Date "1899-12-30"]
[Round "5.75"]
[White "Mika, Tomasz"]
[Black "Kowalak, Piotr"]
[Result "1/2-1/2"]
[WhiteTitle "I++"]
[BlackTitle "k"]
[WhiteElo "2141"]
[BlackElo "2110"]

1. d4 Nf6 2. Bf4 d5 3. e3 e6 4. c3 c5 5. Nd2 Nc6 6. Bd3 Bd6 7. Bg3 O-O 8. Ngf3
b6 9. e4 Be7 10. e5 Nd7 11. Qe2 c4 12. Bc2 b5 13. h4 h6 14. a4 b4 15. Qe3 Re8
16. Nxc4 bxc3 17. bxc3 Ba6 18. Ncd2 Rb8 19. Bd3 Qa5 20. O-O Rb2 21. Rfc1 Reb8
22. Bxa6 Qxa6 23. c4 dxc4 24. Nxc4 R2b4 25. Nd6 Qb6 26. a5 Qa6 27. Qc3 Bxd6 28.
exd6 Nd8 29. Ne5 Nf6 30. Nc6 Nxc6 31. Qxc6 Qxc6 32. Rxc6 Rd8 33. Rac1 Rxd4 34.
Rc8 Rxc8 35. Rxc8+ Kh7 36. f3 Rd5 37. a6 e5 38. Rc6 Nd7 39. Bf2 Nb8 40. Rb6 Nd7
41. Rb7 Rxd6 42. Bxa7 Nf6 43. Bb6 Nd5 44. a7 Nxb6 45. Rxb6 Rd1+ 46. Kf2 Ra1 47.
Rb7 Kg6 48. Ke3 f5 49. Kd3 Ra4 50. Kc3 e4 51. fxe4 fxe4 52. Kb3 Ra1 1/2-1/2

[Event "DRUZYNOWE MISTRZOSTWA POLSKI - II LIGA 2018"]
[Site "Jastrzebia Gora"]
[Date "1899-12-30"]
[Round "5.76"]
[White "Madera, Mateusz"]
[Black "Walentukiewicz, Michal"]
[Result "1-0"]
[WhiteTitle "I+"]
[BlackTitle "CM"]
[WhiteElo "1937"]
[BlackElo "2064"]

1. b4 a5 2. b5 b6 3. Bb2 Nf6 4. e3 Bb7 5. Nf3 e6 6. Be2 Be7 7. O-O O-O 8. c4 d6
9. d4 Nbd7 10. a4 Ne4 11. Nbd2 f5 12. Rc1 Ndf6 13. Nb3 g5 14. Ne1 g4 15. Nd3 Qd7
16. c5 dxc5 17. dxc5 Bd5 18. c6 Qe8 19. Nf4 Rd8 20. Nxd5 Nxd5 21. Qc2 Bf6 22.
Ba3 Rf7 23. Bc4 Rg7 24. Rcd1 Rg5 25. Bxd5 Rxd5 26. Rxd5 exd5 27. Qd3 Qe5 28. Rd1
f4 29. exf4 Qxf4 30. Qe3 Qxe3 31. fxe3 Rf5 32. Nd4 Bxd4 33. Rxd4 h5 34. Rd1 h4
35. Bb2 h3 36. Rf1 Rxf1+ 37. Kxf1 Nd2+ 38. Kf2 Nc4 39. Bd4 Nd6 40. gxh3 gxh3 41.
Kg3 Kf7 42. Kxh3 Ke6 43. Kg4 Nf5 44. h4 Ne7 45. h5 1-0

[Event "DRUZYNOWE MISTRZOSTWA POLSKI - II LIGA 2018"]
[Site "Jastrzebia Gora"]
[Date "1899-12-30"]
[Round "5.77"]
[White "Sondej, Dominik"]
[Black "Krawiec, Grzegorz"]
[Result "1-0"]
[WhiteTitle "I"]
[BlackTitle "I"]
[WhiteElo "1875"]
[BlackElo "1779"]

1. Nf3 c5 2. e4 Nc6 3. d3 g6 4. g3 Bg7 5. Bg2 e5 6. O-O Nge7 7. Nc3 O-O 8. Bg5
h6 9. Be3 d6 10. Qd2 Kh7 11. Ne1 a6 12. a4 Rb8 13. f4 f5 14. Nf3 Be6 15. fxe5
Nxe5 16. Nxe5 Bxe5 17. Bxh6 Rf7 18. Bf4 Bd4+ 19. Be3 d5 20. Bxd4 cxd4 21. Ne2
dxe4 22. dxe4 Nc6 23. exf5 Rxf5 24. Be4 Re5 25. Qd3 Qg5 26. Nf4 Bf5 27. Bxf5 Rxf5
28. Ne6 Qf6 29. Rxf5 gxf5 30. Re1 Ne5 31. Qb3 d3 32. Nd4 Rd8 33. c3 Rxd4 34. cxd4
Nf3+ 35. Kf2 Nxe1 36. Kxe1 d2+ 37. Kxd2 Qxd4+ 38. Ke2 Qe4+ 39. Kf2 Kg6 40. Qb6+
Kh5 41. Qb3 Qd4+ 42. Kg2 Qd2+ 43. Kf3 Qe1 44. Qf7+ Kg5 45. h4+ Kh6 46. Qf6+ Kh7
47. Qxf5+ Kg8 48. Qd5+ Kf8 49. Kg4 Qb4+ 50. Kf5 Qxa4 51. Kf6 Ke8 52. h5 Qc2 53.
Qe5+ Kd8 54. h6 Qh7 55. Qd6+ Kc8 56. Qf8+ 1-0

[Event "DRUZYNOWE MISTRZOSTWA POLSKI - II LIGA 2018"]
[Site "Jastrzebia Gora"]
[Date "1899-12-30"]
[Round "5.78"]
[White "Karykowska, Anna"]
[Black "Cyboran, Katarzyna"]
[Result "1-0"]
[WhiteTitle "k"]
[BlackTitle "I++"]
[WhiteElo "1836"]
[BlackElo "1825"]

1. e4 c5 2. Nf3 e6 3. d4 cxd4 4. Nxd4 a6 5. Nc3 b5 6. g3 b4 7. Nce2 Bb7 8. Bg2
Nf6 9. Qd3 d5 10. exd5 Bxd5 11. O-O Bxg2 12. Kxg2 Qd5+ 13. Qf3 Bc5 14. a3 bxa3
15. b3 Nbd7 16. Bxa3 O-O 17. Rfd1 Rfc8 18. c4 Qxf3+ 19. Nxf3 Rcb8 20. Bxc5 Nxc5
21. Ned4 Nxb3 22. Nxb3 Rxb3 23. Rxa6 Rc8 24. Ne5 Rb7 25. Rad6 g6 26. Rd8+ Rxd8
27. Rxd8+ Kg7 28. c5 Rb5 29. c6 Rc5 30. f4 Rc3 31. Ra8 h5 32. Ra7 Ng4 33. Nxf7
Kf6 34. Ng5 Kf5 35. Rf7+ Nf6 36. Rxf6+ Kxf6 37. Ne4+ 1-0

[Event "DRUZYNOWE MISTRZOSTWA POLSKI - II LIGA 2018"]
[Site "Jastrzebia Gora"]
[Date "1899-12-30"]
[Round "5.79"]
[White "Gierulski, Kamil"]
[Black "Krzywda, Andrzej"]
[Result "0-1"]
[WhiteTitle "k++"]
[BlackTitle "CM"]
[WhiteElo "2219"]
[BlackElo "2232"]

1. Nf3 e6 2. c4 Nf6 3. g3 b6 4. Bg2 Bb7 5. Nc3 c5 6. O-O Be7 7. d4 cxd4 8. Qxd4
d6 9. Rd1 a6 10. Bg5 Nbd7 11. Qd2 Rc8 12. Bf4 e5 13. Bg5 h6 14. Bxf6 Nxf6 15.
b3 O-O 16. Nh4 Bxg2 17. Nxg2 Re8 18. Ne3 Bf8 19. Ned5 Nd7 20. Nb4 Nc5 21. Qd5
e4 22. Nc2 Qf6 23. Qd2 Qe6 24. Nd5 Nd7 25. Ncb4 a5 26. Nc2 g5 27. Kg2 Bg7 28.
Rac1 Qg6 29. Nd4 f5 30. Nb5 Bf8 31. Kh1 Ne5 32. Nxb6 Ng4 33. Qe1 Qh5 34. Qg1 e3
35. fxe3 Rxe3 36. Rd2 Rce8 37. Re1 f4 38. gxf4 Nxh2 39. Qxh2 Rh3 40. e3 Rxh2+
41. Rxh2 Qf3+ 42. Rg2 Rxe3 43. Rxe3 Qxe3 44. Nd5 Qe1+ 45. Rg1 Qh4+ 46. Kg2 Bg7
47. fxg5 Qxg5+ 48. Kh2 Qh4+ 49. Kg2 Qe4+ 50. Kh3 Kh7 51. Rf1 Qe2 52. Rg1 Be5 0-1

[Event "DRUZYNOWE MISTRZOSTWA POLSKI - II LIGA 2018"]
[Site "Jastrzebia Gora"]
[Date "1899-12-30"]
[Round "5.80"]
[White "Szymanski, Piotr"]
[Black "Miasik, Adrian"]
[Result "1-0"]
[WhiteTitle "CM"]
[BlackTitle "I++"]
[WhiteElo "2242"]
[BlackElo "1830"]

1. d4 d5 2. Nf3 e6 3. c4 Nf6 4. Nc3 Be7 5. Bg5 Nbd7 6. e3 c6 7. cxd5 exd5 8. Bd3
h6 9. Bh4 Ne4 10. Bxe7 Qxe7 11. Bxe4 dxe4 12. Nd2 Nf6 13. Qc2 Bf5 14. O-O O-O
15. Ne2 Rfe8 16. Rac1 Nd5 17. a3 h5 18. Nc3 Nxc3 19. Qxc3 Qg5 20. Kh1 Re6 21.
Qc5 Rg6 22. Rg1 h4 23. f4 Qg4 24. Rce1 h3 25. g3 Qh5 26. Qc4 Bg4 27. Rgf1 Re8
28. b4 Rge6 29. Rf2 g6 30. Rc1 a5 31. Nb3 axb4 32. Qxb4 Qb5 33. Nc5 R6e7 34. Rb2
b6 35. Qc3 Qa5 36. Qxa5 bxa5 37. Rcb1 Rc8 38. Kg1 Bf5 39. Kf2 Kf8 40. Rb8 Ke8
41. Rxc8+ Bxc8 42. Rb6 Rc7 43. Nxe4 Ke7 44. Nc5 1-0